Tự động điều khiển các quá trình nhiệt - lạnh

Nôi dung sách giới thiệu và chuyển tải những kiến thức cơ bản và chuyên sâu về lĩnh vực về tự động như khai thác khả năng làm việc của hệ thống nhiệt - lạnh, đảm bảo cho hệ thống làm việc và người vận hành an toàn. Tiết kiệm sức l...

Popoln opis

Shranjeno v:
Bibliografske podrobnosti
Glavni avtor: Nguyễn, Tấn Dũng
Format: Knjiga
Jezik:Undetermined
Izdano: Thành phố Hồ Chí Minh Đại học Quốc gia Thành phố Hồ Chí Minh 2010
Teme:
Oznake: Označite
Brez oznak, prvi označite!
Thư viện lưu trữ: Trung tâm Học liệu Trường Đại học Cần Thơ
LEADER 01301nam a2200205Ia 4500
001 CTU_159033
008 210402s9999 xx 000 0 und d
020 |c 80000 
082 |a 621.56 
082 |b D513 
100 |a Nguyễn, Tấn Dũng 
245 0 |a Tự động điều khiển các quá trình nhiệt - lạnh 
245 0 |c Nguyễn Tấn Dũng ( đồng chủ biên ) ... [ et al. ] 
260 |a Thành phố Hồ Chí Minh 
260 |b Đại học Quốc gia Thành phố Hồ Chí Minh 
260 |c 2010 
520 |a Nôi dung sách giới thiệu và chuyển tải những kiến thức cơ bản và chuyên sâu về lĩnh vực về tự động như khai thác khả năng làm việc của hệ thống nhiệt - lạnh, đảm bảo cho hệ thống làm việc và người vận hành an toàn. Tiết kiệm sức lao động, tiết kiệm năng lượng quá trình, đãm bảo vệ sinh an toàn môi trường làm việc, nâng cao hiệu quả kinh tế trong sản xuất. 
650 |a Low temperature engineering,Kỹ thuật nhiệt - lạnh 
904 |i QHieu 
980 |a Trung tâm Học liệu Trường Đại học Cần Thơ